Biện pháp nâng cao kỹ năng múa cho sinh viên ngành giáo dục mầm non trường đại học đồng tháp Báo cáo tổng kết đề tài nghiên cứu khoa học của Sinh viên. Mã số CS2014.02.47

Đã lưu trong:
書目詳細資料
主要作者: Võ, Huỳnh Đông Hiếu (Chủ nhiệm đề tài)
格式: Luận văn 圖書
出版: Đồng Tháp Trường Đại học Đồng Tháp 2015
主題:
標簽: 添加標簽
沒有標簽, 成為第一個標記此記錄!
Thư viện lưu trữ: Trung tâm Học liệu Lê Vũ Hùng, Trường Đại học Đồng Tháp
LEADER 01332pam a22003378a 4500
001 00036207
005 20171026081025.0
008 170217s2015 ||||||Viesd
041 0 # |a Vie 
082 1 4 |b B305PH  |a 378.1 
100 1 # |a Võ, Huỳnh Đông Hiếu  |e Chủ nhiệm đề tài 
245 1 0 |b Báo cáo tổng kết đề tài nghiên cứu khoa học của Sinh viên. Mã số CS2014.02.47  |c Võ Huỳnh Đông Hiếu (chủ nhiệm đề tài)  |a Biện pháp nâng cao kỹ năng múa cho sinh viên ngành giáo dục mầm non trường đại học đồng tháp 
260 # # |b Trường Đại học Đồng Tháp  |c 2015  |a Đồng Tháp 
300 # # |a 48tr. +phụ lục  |c 30 cm.  |e 1 bản tóm tắt 
500 # # |a ĐTTS ghi: Bộ Giáo dục và Đào tạo. Trường Đại học Đồng Tháp 
653 # # |a Giáo dục 
653 # # |a Đại học Đồng Tháp 
653 # # |a Sinh viên 
653 # # |a Nghiên cứu khoa học 
653 # # |a Kỹ năng 
653 # # |a Múa 
852 # # |b Kho đọc  |j KH.0000077 
852 # # |j KH.0000077 
910 # # |d 17/02/2017 
980 # # |a Trung tâm Học liệu Lê Vũ Hùng, Trường Đại học Đồng Tháp